Value education (Record no. 10659)

MARC details
000 -LEADER
fixed length control field 00477cam a2200193ua 4500
001 - CONTROL NUMBER
control field 11881
005 - DATE AND TIME OF LATEST TRANSACTION
control field 20260515114818.0
008 - FIXED-LENGTH DATA ELEMENTS--GENERAL INFORMATION
fixed length control field 191115n ii |||gr||||Z||||||eng
020 ## - INTERNATIONAL STANDARD BOOK NUMBER
International Standard Book Number 9788176484282
040 ## - CATALOGING SOURCE
Transcribing agency MAIN
041 ## - LANGUAGE CODE
Language code of text/sound track or separate title eng
082 ## - DEWEY DECIMAL CLASSIFICATION NUMBER
Classification number 370.13
100 ## - MAIN ENTRY--PERSONAL NAME
Personal name Pratap Kumar Panda,
Relator term Author.
245 ## - TITLE STATEMENT
Title Value education
Statement of responsibility, etc. By Pratap Kumar Panda
260 ## - PUBLICATION, DISTRIBUTION, ETC.
Place of publication, distribution, etc. New Delhi:
Name of publisher, distributor, etc. APH publishing corporation,
Date of publication, distribution, etc. 2017.
300 ## - PHYSICAL DESCRIPTION
Extent 195p.
653 ## - INDEX TERM--UNCONTROLLED
Uncontrolled term Education
942 ## - ADDED ENTRY ELEMENTS (KOHA)
Koha item type Books
Holdings
Withdrawn status Lost status Damaged status Not for loan Home library Current library Shelving location Date acquired Total checkouts Full call number Barcode Date last seen Copy number Price effective from Koha item type
        Naharkatiya College Library Naharkatiya College Library General stacks 09/19/2020   370.13Value education | PAN 27505 09/19/2020 1 09/19/2020 Books
        Naharkatiya College Library Naharkatiya College Library General stacks 09/19/2020   370.13Value education | PAN 27506 09/19/2020 2 09/19/2020 Books